000 005600000a22002050004500
001 1497
003 CO-MdFUSB
005 20170522181445.0
008 170522b xxu||||| |||| 00| 0 eng d
020 _a978-958-04-9692-2
040 _cCO-MdBIC
082 0 4 _a863C B862di
100 1 _aHorn, Emily
245 1 0 _aDisculpe...+es usted una bruja? / Emily Horn ; traducción Cristina Puerta
260 _aBogotá : Norma
300 _a36 P.
500 _aPara niños de 3 a 8 años
650 1 4 _aCuentos infantiles ingleses \ Gatos \ Brujas
942 _cLGB
999 _c48657
_d48657